Catálogo - Centro de Recursos para el Aprendizaje y la Investigación

Volver al Sitio - CRAI Biblioteca

Recomendación 01/2009 nombramiento de subordinados jerárquicos de Magistrados y Jueces del Poder Judicial de la Federación Suprema Corte de Justicia de la Nación (Registro nro. 113984)

Detalles MARC
000 -CABECERA
campo de control de longitud fija 01445nam a2200253 4500
001 - NÚMERO DE CONTROL
campo de control 113984
003 - IDENTIFICADOR DEL NÚMERO DE CONTROL
campo de control DR-UNIBE
005 - FECHA Y HORA DE LA ÚLTIMA TRANSACCIÓN
campo de control 20250730140454.0
008 - DATOS DE LONGITUD FIJA--INFORMACIÓN GENERAL
campo de control de longitud fija 250730b2009 mx ||||| |||| 00| 0 spa d
020 ## - NÚMERO INTERNACIONAL ESTÁNDAR DEL LIBRO
Número Internacional Estándar del Libro 9786074681383
040 ## - FUENTE DE LA CATALOGACIÓN
Centro catalogador/agencia de origen BIBLIOTECA UNIBE
Lengua de catalogación spa
Centro/agencia transcriptor BIBLIOTECA UNIBE
Normas de descripción rda
041 ## - CÓDIGO DE LENGUA
Código de lengua del texto/banda sonora o título independiente spa
082 ## - NÚMERO DE LA CLASIFICACIÓN DECIMAL DEWEY
Número de edición 22
Número de clasificación 347.72 R245
245 10 - MENCIÓN DE TÍTULO
Título Recomendación 01/2009 nombramiento de subordinados jerárquicos de Magistrados y Jueces del Poder Judicial de la Federación Suprema Corte de Justicia de la Nación
250 ## - MENCIÓN DE EDICIÓN
Mención de edición Primera edición
260 ## - PUBLICACIÓN, DISTRIBUCIÓN, ETC.
Lugar de publicación, distribución, etc. México :
Nombre del editor, distribuidor, etc. Suprema Corte de Justicia de la Nación,
Fecha de publicación, distribución, etc. 2009
300 ## - DESCRIPCIÓN FÍSICA
Extensión xvii, 122 páginas :
Dimensiones 18 x 11 cm
490 ## - MENCIÓN DE SERIE
Mención de serie Opiniones Consultivas de Asesorías y Recomendaciones de la Comisión Nacional de Ética Judicial
505 ## - NOTA DE CONTENIDO CON FORMATO
Nota de contenido con formato Presentación |<br/>Introducción |<br/>Oficio que solicita la opinión de la Comisión |<br/>Observaciones al proyecto de opinión formulado por la Secretaría |<br/>La Secretaría propone modificaciones y ajustes atendiendo a las observaciones formuladas al proyecto |<br/>Recomendación 01/2009, nombramiento de subordinados jerárquicos de Magistrado y Jueces del Poder Judicial de la Federación |<br/>Voto particular del Magistrado Sergio Pallares y Lara
650 #7 - PUNTO DE ACCESO ADICIONAL DE MATERIA--TÉRMINO DE MATERIA
Fuente del encabezamiento o término lemb
Término de materia o nombre geográfico como elemento de entrada Ética judicial
Subdivisión geográfica México
9 (RLIN) 198025
650 #7 - PUNTO DE ACCESO ADICIONAL DE MATERIA--TÉRMINO DE MATERIA
Fuente del encabezamiento o término lemb
Término de materia o nombre geográfico como elemento de entrada Servidores públicos
Subdivisión general Nombramientos
Subdivisión geográfica México
9 (RLIN) 198026
700 10 - PUNTO DE ACCESO ADICIONAL--NOMBRE DE PERSONA
Nombre de persona Díaz Romero, Juan
9 (RLIN) 198022
Término indicativo de función/relación Presentador
942 ## - ELEMENTOS DE PUNTO DE ACCESO ADICIONAL (KOHA)
Fuente del sistema de clasificación o colocación Sistema de Clasificación Decimal Dewey
Tipo de ítem Koha Libro (general)
Existencias
Estado de retiro Estado de pérdida Fuente del sistema de clasificación o colocación No para préstamo Código de colección Localización permanente Fecha de adquisición Total de préstamos Signatura topográfica completa Código de barras Fecha visto por última vez Número de copia Precio válido a partir de Tipo de ítem Koha
  Disponible Sistema de Clasificación Decimal Dewey   General Biblioteca Central UNIBE 10/06/2025   347.72 R245 250923 30/07/2025 Ej. 1 30/07/2025 Libro (general)